000 00550nam a22001697a 4500
003 OSt
005 20260217114340.0
008 260217b |||||||| |||| 00| 0 eng d
040 _cMRSPTU
041 _aEnglish
100 _aAmrinder Singh Sidhu, Supervisor: Gurprit Singh Bath
245 _aA Case Study of Effective Utilization of Treated Effluent of Bathinda
260 _bDepartment of Civil Engg. MRSPTU, Bathinda
_c2018
650 _aCivil Engineering
856 _uhttp://163.47.215.52:8080/jspui/handle/123456789/370
942 _2ddc
_cTH
_n0
999 _c10920
_d10920